00820naa a2200157 i 45000010005000000030009000050050017000140080039000310400021000701000136000912450103002276500018003306550030003487000123003787730161005019143KOSZ 00520180319115226.0151120s1996 pl n f |100 0pol cBPKdKOSZ 005/EG1 aBOGDAŃSKI, Marek.d1991 - 1996.bWyższa Szkoła Inżynierska w Koszalinie - Wydział Mechaniczny,gKatedra Nauk Pedagogicznych10aSposoby obiektywizacji oceny lekcji koleżeńskich /cMarek Bogdański, Stanisław Sokołowski. 0aKształcenie. 0aMateriały konferencyjne.1 aSOKOŁOWSKI, Stanisław.d1972 - 1996.bWyższa Szkoła Inżynierska w Koszalinie - Zakład Nowych Technik Nauczania0 iW :tOgólnopolskie Seminarium Pedagogiki Szkoły Wyższej. -dSzczecin ; Warszawa : Wydaw. Naukowe Uniwersytetu Szczecińskiego. -g1996, nr 7, s. 58-64